01011 2200337 4500001002100000005001500021035002000036007000300056008004100059020002200100040002200122082001400144084001600158090002000174090002200194100002100216245007700237250003500314300005800349500001100407650004400418850001200462504002500474264003600499336002100535337003000556338002300586999002200609990002200631990002000653INLIS00000000085605920200708102253 a0010-0720000272ta200708s2019 yoia g 1 ind d a978-623-209-145-0 aYOPDYOGbinderda04223a690.7 a690.7 SAL t aDEP 690.7 SAL t aCB-D.11 2019-28720 aSalmaniepenulis00aTeknologi dalam mengawas pekerjaan konstruksi bangunan gedung /cSalmani aCetakan Pertama, Februari 2019 avi, 229 halaman :bilustrasi , tabel, grafik ;c27 cm aindeks 4aTeknik Bangunan--xStudi dan pengajaran aYOPDYOG atermasuk bibliografi aYogyakarta :bDeepublish,c2019 2rdacontentateks 2rdamediaatanpa perantara 2rdacarrieravolume aCB-D.11/2019-2872 aCB-D.11/2019-2872 a70702-PD/A.2023